Lyrics erraten (2010er) #7 - Statistiken

Allgemein
  • Dieses Quiz wurde 423 mal gespielt
  • Das Durchschnittsergebnis liegt bei 241 aus 499
Antwortstatistiken
Antwort % Korrekt
I
99%
I-
99%
I)
99%
a
93%
you
92%
You
92%
The
82%
the
82%
love
81%
Me
79%
me
79%
be
76%
we
74%
We
74%
and
71%
And
71%
to
71%
my
70%
is
68%
your
67%
Your
67%
go
64%
are
62%
on
61%
on,
61%
So
61%
so
61%
do
59%
in
59%
where
59%
it
57%
of
55%
with
54%
like
49%
want
48%
can
47%
I‘m
47%
I’m
47%
that
47%
then
47%
for
45%
too
44%
heart
42%
body
40%
don‘t
39%
Girl,
39%
(Oh-
39%
oh-
39%
shape
39%
were
39%
We‘re
39%
Come
37%
Come,
37%
come
37%
know
37%
at
36%
night
36%
now
36%
now,
36%
was
36%
not
35%
baby,
34%
best
34%
friends
33%
place
33%
all
31%
bar
31%
hand,
31%
find
30%
let
30%
isn‘t
29%
day
28%
Every
28%
give
28%
club
27%
last
27%
just
26%
Man
26%
boy,
25%
dance,
25%
lover
25%
room
25%
Say,
25%
Take
25%
talk
25%
doing
24%
kiss
24%
our
24%
over
24%
pull
24%
push
24%
slow
24%
somebody
24%
table
24%
up
24%
One
23%
get
22%
magnet
22%
make
22%
smell
22%
follow
21%
much
21%
shots
21%
start
21%
put
20%
crazy,
19%
fast
19%
I‘ll
19%
mind
19%
new
19%
trust
19%
falling
18%
lead
18%
lead,
18%
chance
17%
Drinking
17%
how
17%
let‘s
17%
let’s
17%
may
17%
out
17%
bedsheets
16%
conversation
16%
something
16%
brand
15%
singing
15%
first
14%
handmade
14%
(mm)
14%
mm
14%
Tell
14%
jukebox
13%
about
12%
going
12%
hours
12%
begin
11%
Grab
11%
play,
11%
stop,
11%
waist
11%
discovering
10%
story
10%
sweet
10%
date
9%
family
9%
okay
9%
sour
9%
taxi,
9%
Although
7%
backseat
7%
eat
7%
leave
7%
radio
7%
week
6%
driver
5%
Van
5%
Fill
4%
fill
4%
plate
3%
thrifty,
3%
bag
2%
Keine übereinstimmenden Quizze gefunden
Verteilung der Resultate
Anzahl Personen mit jedem Resultat
Perzentil nach korrekt beantworteten Fragen
Ihre Resultats-Entwicklung
Sie haben dieses Quiz noch nicht gespielt